An Artistic Approach to Virtual Reality

Guardat en:
Dades bibliogràfiques
Autor principal: Tornatzky & Kelley
Format: Llibre
Publicat: routledge
Matèries:
Etiquetes: Afegir etiqueta
Sense etiquetes, Sigues el primer a etiquetar aquest registre!

MARC

LEADER 00000nam a2200000Ia 4500
005 20260427112714.0
526 |b Immersive Arts 
100 |a Tornatzky & Kelley 
020 |a 9781138045569 
650 |a VR Art 
526 |a Masters 
942 |c BK 
245 |a An Artistic Approach to Virtual Reality 
260 |b routledge 
999 |c 91  |d 91 
952 |0 0  |1 0  |4 0  |7 0  |8 4  |a BRISTOL  |b BRISTOL  |d 2026-04-22  |l 0  |p 000116  |r 2026-04-27 11:27:15  |w 2026-04-27  |y BK